| 000 | 00725nam a2200217 i 4500 | ||
|---|---|---|---|
| 001 | 87676 | ||
| 003 | ES-MaACL | ||
| 005 | 20230906175722.0 | ||
| 007 | t| | ||
| 008 | 041223s1919 fr ||||1| fre d | ||
| 100 | 1 |
_aKritchewsky, Boris. _968866 |
|
| 245 | 1 | 0 |
_aVers la catastrophe russe _b: lettres de Pétrograd au journal "L'Humanité", octobre 1917-février 1918. |
| 260 |
_aParis : _bAlcan, _c1919. |
||
| 300 |
_a274 p. ; _c19 cm. |
||
| 490 | 1 | _aBibliothèque d'histoire contemporaine | |
| 651 | 4 |
_aSan Petersburgo- _xHistoria. _9161554 |
|
| 651 | 4 |
_aRusia- _xHistoria- _y1917-1921, Revolución. _99336 |
|
| 830 | 0 |
_aBibliothèque d'histoire contemporaine _9180875 |
|
| 852 |
_aES-MaACL _jG-7274 |
||
| 999 |
_c87676 _d87676 |
||